000 00820nam a2200217Ii 4500
003 JO-AjNU
008 230605s9999||||xx |||||||||||||| ||und||
017 _a2001/4/755
040 _aJO-AjNU
_bara
_erda
_cJO-AjNU
041 _aara
050 1 4 _aHD62.4.S5258.2001
100 3 _aالشامي، لبنان هاتف، م.مشارك غازي ربابعة، م مشارك خالد يوسف الزعبي,
_eauthor
_957231
245 0 0 _aاسس الادارة الدولية:مدخل استراتيجي لوظائفها الادارية
250 _aط1
264 3 1 _aاربد:المركز القومي للنشر،2001
300 _a255ص
336 _atext
_btxt
_2rdacontent
337 _aunmediated
_bn
_2rdamedia
338 _avolume
_bnc
_2rdacarrier
650 4 _aالادارة-الادارة العامة
_957232
999 _aA25633
_c29201
_d29201